书目信息 |
| 题名: |
三菱PLC快速入门及应用实例
|
|
| 作者: | 肖雪耀 编著 | |
| 分册: | ||
| 出版信息: | 北京 化学工业出版社 2017 |
|
| 页数: | 338页 | |
| 开本: | 24cm | |
| 丛书名: | ||
| 单 册: | ||
| 中图分类: | TP332.3 | |
| 科图分类: | ||
| 主题词: | 可编程序控制器 | |
| 电子资源: | ||
| ISBN: | 978-7-122-29084-7 | |
| 000 | 00911nam0 2200229 450 | |
| 001 | 3515 | |
| 005 | 20180527163501.08 | |
| 010 | @a978-7-122-29084-7@dCNY68.00 | |
| 100 | @a20170619d2017 em y0chiy50 ea | |
| 101 | 0 | @achi |
| 102 | @aCN@b110000 | |
| 105 | @aa z 000yy | |
| 200 | 1 | @a三菱PLC快速入门及应用实例@9san ling PLC kuai su ru men ji ying yong shi li@f肖雪耀编著 |
| 210 | @a北京@c化学工业出版社@d2017 | |
| 215 | @a338页@c图@d24cm | |
| 307 | @a实际页数为:339 | |
| 330 | @a本书从实际应用入手,分为必备理论知识、必备编程技能和必备实际工程编程技术三个部分,将PLC编程专业知识和应用实例由浅入深地进行讲解,主要包括PLC编程必备基础、PLC基本指令编程实例、SFC编程实例、功能指令的编程实例、特殊功能模块的编程实例、典型PLC应用系统的编程实例等。 | |
| 606 | 0 | @a可编程序控制器 |
| 690 | @aTP332.3@v5 | |
| 701 | 0 | @a肖雪耀@9xiao xue yao@4编著 |
| 801 | 0 | @aCN@b91MARC@c20170619 |
| 905 | @aMuseLib@dTP332.3@e174 | |
| 三菱PLC快速入门及应用实例/肖雪耀编著.-北京:化学工业出版社,2017 |
| 338页:图;24cm |
| ISBN 978-7-122-29084-7:CNY68.00 |
| 本书从实际应用入手,分为必备理论知识、必备编程技能和必备实际工程编程技术三个部分,将PLC编程专业知识和应用实例由浅入深地进行讲解,主要包括PLC编程必备基础、PLC基本指令编程实例、SFC编程实例、功能指令的编程实例、特殊功能模块的编程实例、典型PLC应用系统的编程实例等。 |
| ● |
| 相关链接 |
|
|
|
|
正题名:三菱PLC快速入门及应用实例
索取号:TP332.3/174
 
预约/预借
| 序号 | 登录号 | 条形码 | 馆藏地/架位号 | 状态 | 备注 |
| 1 | 1109508 | 211095081 | 第二样本阅览室/ [索取号:TP332.3/174] | 在馆 | |
| 2 | 1109509 | 211095090 | 教育系资料室/ [索取号:TP332.3/174] | 在馆 | |
| 3 | 1109510 | 211095107 | 教育系资料室/ [索取号:TP332.3/174] | 在馆 | |
| 4 | 1109511 | 211095116 | 第三借阅区/ [索取号:TP332.3/174] | 在馆 |